20 Ways Not to Pick a 'Lock' Quiz Stats

 Plays Quiz Updated Oct 8, 2017

Challenge
Share
Tweet
Embed
Score 0/20 Timer 01:30
8 Plays Today
% Correct
Dock
97.3%
Cock
96.5%
Mock
96.4%
Sock
96.2%
Rock
95.1%
Tock
94.4%
Lick
94.4%
Lack
94.2%
Bock
93.4%
Pock
93.1%
% Correct
Luck
92.8%
Hock
92.4%
Nock
90.3%
Jock
89.7%
Yock
72.8%
Loca
72.1%
Loch
69.4%
Loci
67.3%
Loco
62.1%
Look
61.4%

You're not logged in!

Compare scores with friends on all Sporcle quizzes.
OR
Log In

You Might Also Like...

Show Comments

Extras

Top Quizzes Today


Score Distribution

Your Account Isn't Verified!

In order to create a playlist on Sporcle, you need to verify the email address you used during registration. Go to your Sporcle Settings to finish the process.

Report this User

Report this user for behavior that violates our Community Guidelines.

Details: